Modernism : 1890 - 1930

Αποθηκεύτηκε σε:
Λεπτομέρειες βιβλιογραφικής εγγραφής
Άλλοι συγγραφείς: Bradbury, Malcolm 1932- (Επιμελητής έκδοσης), McFarlane, James Walter (Επιμελητής έκδοσης)
Μορφή: Βιβλίο
Γλώσσα:English
Δημοσίευση: London : Penguin Books, 1991
Θέματα:
Ετικέτες: Προσθήκη ετικέτας
Δεν υπάρχουν, Καταχωρήστε ετικέτα πρώτοι!

MARC

LEADER 00000nam a2200000 i 4500
001 1/15652
008 980707s1991 eng d
020 |a 0-14-013832-3 
035 |l 10019910 
040 |a GR-MY-UA  |b gre  |e aacr 
041 0 |a eng 
082 0 |a 809 
245 1 0 |a Modernism :  |b 1890 - 1930 /  |c Edited by Malcolm Bradbury and James McFarlane 
260 |a London :   |b Penguin Books,   |c 1991 
300 |a 687 p. 
504 |a Includes index 
650 0 0 |a Modernism (Literature) 
700 1 |a Bradbury, Malcolm  |d 1932-  |4 edt 
700 1 |a McFarlane, James Walter.  |4 edt 
852 |a INST  |b LESVOS  |e 19980707  |h 809 MOD  |p 005100013989  |q 005100013989  |t BK  |y 0 
901 |a BIBL-1998-2 
909 |a Λ  |b 044333 
922 |a 1ΔΩΡ  |b 199602  |c ΤΚΑ